Pomsta

Bibliographic Details
Main Author: Benzoni, Juliette, 1920-2016 (Author)
Format: Book
Language:Slovak
French
PhysicalDescription:5 zv. ([126, 140, 124, 150, 102] strán) 32 x 28 cm
Published: Levoča Ústredná knižnica pre nevidiacich Mateja Hrebendu 1996
ISBN:8085178923
Subjects:

MARC

LEADER 00000cam a2200000 a 4500
001 vtls001223321
003 SK-MaSNL
005 20260301154610.0
008 240621s1996 xo gf 0000f slo
015 |a SNBK1996/0201064 
020 |a 8085178923  |q (viazané) 
035 |a SNK000169331 
040 |a SNK  |b slo  |c SNK  |e AACR2 
041 1 |a slo  |h fre 
044 |a xo  |c SK 
072 7 |a 821.133.1-3  |x Francúzska próza, francúzsky písaná  |2 konspekt 
072 7 |a 821-31/-34  |x Ľúbostná, dobrodružná, fantastická próza  |2 konspekt 
080 |a 821.133.1-31  |2 2011 
080 |a 821-311.6  |2 2011 
080 |a (0:82-312.5)  |2 2011 
100 1 |a Benzoni, Juliette,  |d 1920-2016  |4 aut  |9 52463 
245 1 0 |a Pomsta  |h slepecká tlač  |c [Juliette Benzoniová] 
260 |a Levoča  |b Ústredná knižnica pre nevidiacich Mateja Hrebendu  |c 1996 
300 |a 5 zv. ([126, 140, 124, 150, 102] strán)  |c 32 x 28 cm 
500 |a Preložené z francúzštiny 
655 7 |a publikácie pre nevidiacich  |2 SNKPH  |9 70695 
655 7 |a francúzske romány  |2 SNKPH  |9 70252 
655 7 |a historické romány  |2 SNKPH  |9 70253 
655 7 |a ľúbostné romány  |2 SNKPH  |9 70497 
852 |a Slovenská národná knižnica 
919 |a 80-85178-92-3 
954 |a beletria cudzojazyčná (svetová)  |2 lita 
958 |a KST 
958 |a SX 
958 |a LX 
958 |a UP 
958 |a OND 
999 |c 797409  |d 799339 
952 |t P60, <03>, [BOOK], {603}  |a SNK  |b SNK  |y PREZ  |7 0  |p 17A0022106  |o snkOSB 10752/1  |i snkKSP 10161/96  |0 0  |1 0  |4 0  |d 1996-11-22  |l 0  |r 2005-01-01 00:00:00  |w 2026-02-24